000 00709cam a22002413a 4500
001 20587
003 PGUSA
005 20140828083435.0
008 070215s2007||||xxu|||||s|||||000 | eng d
040 _aPGUSA
_beng
042 _adc
050 4 _aUB
100 1 _aMacGregor, Morris J.,
_d1931-
245 1 0 _aIntegration of the Armed Forces, 1940-1965
_h[electronic resource] /
_cMorris J. MacGregor
260 _bProject Gutenberg,
_c2007
506 _aPublic domain in the USA.
516 _aElectronic text
653 _aAfrican American soldiers
653 _aUnited States -- Race relations
830 0 _aProject Gutenberg
_v20587
856 4 0 _uhttp://www.gutenberg.org/ebooks/20587
942 _cEB
999 _c249842
_d249842